000 02303cam a22005174i 4500
003 PE-LiUPU
005 20250731184609.0
008 150616s r 000 0 d
020 _a093146496X
035 _a(Sirsi) i9780931464966
040 _aPE-LiUPU
_bspa
_cPE-LiUPU
_erda
049 _aPRUA
082 0 4 _a939.4
_bS71
_221
245 0 4 _aThe study of the ancient Near East in the twenty-first century :
_bthe William Foxwell Albright Centennial Conference /
_ceditado por Jerrold S. Cooper y Glenn M. Schwartz.
264 1 _aWinona Lake, Indiana :
_bEisenbrauns,
_c1996.
300 _a422 páginas :
_bilustraciones ;
_c26 centímetros
336 _atext
_2rdacontent
337 _aunmediated
_2rdamedia
338 _avolume
_2rdacarrier
505 0 _aThe contextualization of near eastern art.- The integration of archaeological and textual data.- The technological revolution in archaeology and its ramifications.- Philology and the study of ancient literature in the postmodern academy.- From Ebla to Deir `Alla: New paradigms for the early history of semitic languages scripts.- Ideology, propaganda, and national consciousness in the ancient near east.
526 _aP136
526 _aP135
526 _aP134
526 _aP133
526 _aP144
526 _aP143
526 _aP87
526 _aP35
526 _aP20
526 _aP14
526 _aP10
526 _aP06
650 0 4 _aLiteratura Medio oriental
_xHistoria y crítica.
650 0 4 _aOriente Medio
_xAntigüedades
_xCongresosOriente Medio - Idioma - Congresos.
650 0 4 _aOriente Medio
_xCivilización
_yHasta 622
_xCongresos.
700 1 _aCooper, Jerrold S.,
_eeditor.
700 1 _aSchwartz, Glenn M.,
_eeditor.
710 2 _a.William Foxwell Albright Centennial Conference (1991 : Johns Hopkins University)
910 _ajck
_bjvq
_cjck
942 _2ddc
_cBOOK
949 _a939.4 S71
_wDEWEY
_c1
_i43209
_lCCODEBUL1
_mBUL
_r0
_sY
_tBOOK
_u2015-6-16
_xTEOLOGIA
_zUNKNOWN
_0COMPRA
_o.STAFF. Colección General
994 _aC0
_bPEPRU
596 _a1
999 _a939.4 S71
_wDEWEY
_c61170
_i43209
_f2021-11-11
_g5
_lCCODEBUL1
_mBUL
_r0
_sY
_tBOOK
_u2015-6-16
_xTEOLOGIA
_zUNKNOWN
_0COMPRA
_o.STAFF. Colección General
_d61170
980 _81
_gALBERTO SANCHEZ Responsable de Automatización